000 00697nam a2200193 i 4500
001 50894
003 ES-MaACL
005 20230906162245.0
007 t|
008 030807s1953 sp ||||1| spa d
100 1 _aChamorro Martínez, Manuel.
_937899
245 1 3 _aLa movilización militar /
_cManuel Chamorro Martínez.
260 _aMadrid :
_bCompañía Bibliográfica Española,
_c[1953] (
_fImp. del Servicio Geográfico del Ejército)
300 _a238 p., 2 gráf. pleg. ;
_c19 cm.
650 4 _aMovilización militar.
_9171594
710 2 _aCompañía Bibliográfica Española.
_9171207
710 1 _aEspaña.
_bServicio Geográfico del Ejército.
_9165653
852 _aES-MaACL
_jC-6477
999 _c50894
_d50894